The mask (Record no. 1419)

MARC details
000 -LEADER
campo de control de longitud fija 00701nas a22002291i#4500
001 - NÚMERO DE CONTROL
campo de control 1419
003 - IDENTIFICADOR DE NÚMERO DE CONTROL
campo de control ES-MaACL
005 - FECHA Y HORA DE LA ÚLTIMA TRANSACCIÓN
campo de control 20250824012556.0
007 - CAMPO FIJO DE DESCRIPCIÓN FÍSICA--INFORMACIÓN GENERAL
campo de control de longitud fija t|
008 - DATOS DE LONGITUD FIJA--INFORMACIÓN GENERAL
campo de control de longitud fija 950801i19081929it | | 1 ||ng d
080 ## - NÚMERO DE LA CLASIFICACIÓN DECIMAL UNIVERSAL
Número de la Clasificación Decimal Universal 73
245 04 - MENCIÓN DEL TÍTULO
Título The mask
Resto del título : a quarterly journal of the art of the theatre.
260 ## - PUBLICACIÓN, DISTRIBUCIÓN, ETC.
Lugar de publicación, distribución, etc. Florence :
Nombre del editor, distribuidor, etc. The Mask offices,
Fecha de publicación, distribución, etc. 1908-1929 (
Fabricante E. Morandi)
300 ## - DESCRIPCIÓN FÍSICA
Extensión 8 v. ;
Dimensiones 34 y 23 cm.
310 ## - PERIODICIDAD ACTUAL
Periodicidad actual Mensual
362 0# - FECHAS DE PUBLICACIÓN Y/O DESIGNACIÓN SECUENCIAL
Fecha de publicación y/o designación secuencial Vol. 1, no. 1 (Mar. 1908)-v. 15, no. 4 (Oct.-Nov.-Dec. 1929)
650 #7 - PUNTO DE ACCESO ADICIONAL DE MATERIA--TÉRMINO DE MATERIA
Término de materia o nombre geográfico como elemento de entrada Teatro
Fuente del encabezamiento o término embne
9 (RLIN) 17290
852 ## - LOCALIZACIÓN
Ubicación ES-MaACL
Número de control de estantería Z-45
Signatura antigua Olim: Hem-544
866 #0 - MENCIÓN TEXTUAL DE FONDOS--UNIDAD BIBLIOGRÁFICA BÁSICA
Fondos 1908-1910 (1911 f. oct.) 1912-14 (1915).
942 ## - ELEMENTOS DE ENTRADA SECUNDARIOS (KOHA)
Fuente del sistema de clasificación o colocación Clasificación decimal universal
Holdings
Estatus retirado Estado de pérdida Fuente del sistema de clasificación o colocación Estado de daño No para préstamo Colección Biblioteca de origen Biblioteca actual Ubicación en estantería Fecha de adquisición Total de préstamos Signatura topográfica completa Código de barras Visto por última vez Precio de reemplazo Tipo de ítem Koha
    Clasificación decimal universal     Periódicos y Revistas Biblioteca del Ateneo de Madrid Biblioteca del Ateneo de Madrid Depósito 17/01/2008   Z-45 1001447 23/02/2023 23/02/2023 Revista